MARC

Tag First Indicator Second Indicator Subfields
LEADER 00000cam a2200000 a 4500
001 in00000071789
005 20151008062408.0
008 800825s1979 nyuac b 10010 eng d
010 |z  40407709  
035 |a (OCoLC)06653196 
035 |9 AAK0136AM 
040 |a RRR  |c RRR  |d m.c.  |d TXA  |d UtOrBLW 
049 |a TXAM  |c [1481752] 
090 |a TK5  |b .C45 1979 
111 2 |a Cleveland Electrical/Electronics Conference and Exposition  |n (26th :  |d 1979 :  |c Cleveland, Ohio) 
245 1 0 |a CECON '79 record /  |c Cleveland Electrical/Electronics Conference and Exposition, 1979, CECON Inc., Cleveland Convention Center, Cleveland, Ohio, June 5-7, 1979 ; ... sponsored by Region 2 and the Cleveland Section of IEEE [and others]. 
264 1 |a New York :  |b Institute of Electrical and Electronics Engineers,  |c [1979] 
264 4 |c ©1979 
300 |a xx, 155 pages :  |b illustrations, portraits ;  |c 29 cm. 
336 |a text  |b txt  |2 rdacontent 
337 |a unmediated  |b n  |2 rdamedia 
338 |a volume  |b nc  |2 rdacarrier 
500 |a On cover: 1979 Cecon proceedings. 
500 |a "79CH1395-3 REG 2." 
504 |a Includes bibliographical references. 
650 0 |a Electrical engineering  |v Congresses. 
650 0 |a Electric power  |v Congresses. 
650 0 |a Electronics  |v Congresses. 
710 2 |a Institute of Electrical and Electronics Engineers.  |b Region 2. 
999 |a MARS 
999 f f |s 658a1e24-d3f9-3dab-8f1e-9c84992cc09e  |i dc7b365b-a9a1-3afc-9786-10b79259dcaf  |t 0 
952 f f |p ric  |a Texas A&M University  |b Rellis Campus  |c Joint Library Facility  |d Remote Storage  |t 0  |e TK5 .C45 1979  |h Library of Congress classification  |i unmediated -- volume  |m A14806327025 
998 f f |a TK5 .C45 1979  |t 0  |l Remote Storage